| 000 | 01652nam1a22003131i 4500 | ||
|---|---|---|---|
| 001 | v19\rc\1842487 | ||
| 005 | 20260406152534.0 | ||
| 035 | _a(NLR Aleph) 004935769 | ||
| 090 |
_a5727815 _c5727815 |
||
| 100 | _a20071224d18991908|||y0rusy50 ca | ||
| 101 | 0 | _arus | |
| 102 | _aRU | ||
| 105 | _ay z ||||| | ||
| 200 | 1 | _aСостав должностных лиц в Симбирской духовной семинарии, мужских духовных училищах Симбирской епархии и в женском епархиальном училище... | |
| 210 |
_aСимбирск _cтипо-лит. А.Т. Токарева _dц1899-ц1908-1908 |
||
| 215 |
_a10 т. _d22 |
||
| 309 | _aБез тит. л. и обл. | ||
| 311 | _aПрил. к "Симбир. епарх. вед." 1899-1908 гг. | ||
| 316 |
_aЭкз. РНБ (5/52): приплетено к журн. ... за соответствующие годы _5NLR: 5/52 |
||
| 422 | 0 |
_12001#$aСимбирские епархиальные ведомости$v1899-1908 _tСимбирские епархиальные ведомости |
|
| 482 | 0 |
_12001#$aСимбирские епархиальные ведомости$v1899-1908 _tСимбирские епархиальные ведомости |
|
| 712 | 0 | 2 |
_aСимбирская духовная семинария _3RU\NLR\AUTH\889927984 _9351591 |
| 712 | 0 | 2 | _aСимбирское женское епархиальное уч-ще |
| 712 | 0 | 2 | _aСимбирская епархия |
| 801 | 0 |
_aRU _bNLR _gpsbo |
|
| 801 | 0 |
_aRU _bRuMoRGB _2psbo |
|
| 801 | 1 |
_aRU _bProSoft-M _2rusmarc |
|
| 852 |
_aNLR _j5/52 |
||
| 942 | _cBOOK | ||